000 01037nam0a2200325 4500
001 RU\NLR\bibl\1106462
005 20260405142231.0
010 _a978-5-8138-0830-2
_911000
021 _aRU
_b2007-36680
_91954
035 _a(nilc)RSL-KNO-003126340
035 _a(NLR Aleph) 001093522
090 _a1133329
_c1133329
100 _a20070605d2007 |||y0rusy50 ca
101 0 _arus
102 _aRU
105 _aa |||||||||
200 1 _aАзбука
_e[для дошкольного возраста
_fхудож. А. Михайлова]
210 _aСмоленск
_cРусич
_d2007
215 _a[8] л.
_cцв. ил.
_d16
225 1 _aСолнышко
610 0 _aДетская литература
686 _aШ9(2)6=Р70-7
_2rubbk
702 1 _4040
_8rus
_7ca
_aМихайлова
_bА.
_cхудожник
_3RU\NLR\AUTH\7758200
_941132
801 0 _aRU
_bРКП
_c20070605
_grcr
801 1 _aRU
_bРГБ
_c20070605
801 2 _aRU
_bNLR
_c20070710
_grcr
942 _cBOOK
980 _aNB
980 _aNBR